| 000 | 00853nam a22002297a 4500 | ||
|---|---|---|---|
| 003 | 0 | ||
| 005 | 20250813175742.0 | ||
| 008 | 250813b xxu||||| |||| 00| 0 eng d | ||
| 020 | _a978-1-5297-7981-3 | ||
| 050 |
_aRT 81.5 _b.W55 2025 |
||
| 100 |
_aWilliamson, Graham R., _eauthor. |
||
| 245 |
_aSucceeding in literature reviews & research project plans for nursing students / _cGraham R. Williamson and Andrew Whittaker. |
||
| 250 | _a5th ed. | ||
| 260 |
_aLondon : _bLearning Matters, a Sage Publishing Company , _c2025. |
||
| 300 |
_axi, 231 pages : _billustrations ; _c25 cm. |
||
| 504 | _aIncludes bibliographical references and index. | ||
| 650 |
_aNursing _xResearch _vMethodology. |
||
| 650 | _aReport writing in nursing. | ||
| 650 |
_aNursing students _xHandbooks, manuals, etc. |
||
| 700 |
_aWhiattaker, Andrew, _eauthor. |
||
| 942 |
_2lcc _cBK |
||
| 999 |
_c367508 _d367508 |
||